Time survivors / (Record no. 83788)

MARC details
000 -LEADER
fixed length control field 00637nam a22002177a 4500
005 - DATE AND TIME OF LATEST TRANSACTION
control field 20140728104539.0
010 ## - LCCN (DPL NO)
LC control number ENG-109799
020 ## - INTERNATIONAL STANDARD BOOK NUMBER
International Standard Book Number 9789382770015
Terms of availability 360.00
035 ## - SYSTEM CONTROL NUMBER
System control number EN-93332
035 ## - SYSTEM CONTROL NUMBER
System control number B-537864-865
037 ## - SOURCE OF ACQUISITION
Source of stock number/acquisition DBAD/PUB
037 ## - SOURCE OF ACQUISITION
Source of stock number/acquisition K.K.Pub/Ven
Stock number dpl
082 ## - DEWEY DECIMAL CLASSIFICATION NUMBER
Classification number S
100 ## - MAIN ENTRY--PERSONAL NAME
Personal name Sarah
245 00 - TITLE STATEMENT
Title Time survivors /
Statement of responsibility, etc by Sarah
260 ## - PUBLICATION, DISTRIBUTION, ETC. (IMPRINT)
Place of publication, distribution, etc New Delhi
Name of publisher, distributor, etc Image India
Date of publication, distribution, etc 2013
270 ## - ADDRESS
Address F-29, Street No.6, Sadatpur Extension
City New Delhi
Postal code 110094
300 ## - PHYSICAL DESCRIPTION
Extent 140p.
Dimensions 22cm(Hb)
942 ## - ADDED ENTRY ELEMENTS (KOHA)
Source of classification or shelving scheme Dewey Decimal Classification
Item type English Books
Call number suffix SAR
Classification part S
Holdings
Withdrawn status Lost status Not for loan Collection code Home library Current library Date acquired Source of acquisition Cost, normal purchase price Full call number Barcode Copy number Cost, replacement price Koha item type
    Not For Loan Fiction D.B.Act.Division D.B.Act.Division 25/04/2014 DBAD/PUB 360.00 S SAR EN-93332 1 360.00 English Books
      Fiction Patel Nagar Patel Nagar 28/07/2014 K.K.Pub/792/31.3.2014/146/25.03.2014/31.03.2014 360.00 S SAR B-537864 1 360.00 English Books
      Fiction Sarojini Nagar Sarojini Nagar 28/07/2014 K.K.Pub/792/31.3.2014/146/25.03.2014/31.03.2014 360.00 S SAR B-537865 1 360.00 English Books

© Delhi Public Library
Hit Counter
free hit counter